| 000 | 01199cam a2200349 a 4500 | ||
|---|---|---|---|
| 001 | 5685252 | ||
| 003 | ARRUPE | ||
| 005 | 20140203125917.0 | ||
| 008 | 060519r20062005enkaf b 001 0 eng | ||
| 015 |
_aGBA588047 _2bnb |
||
| 016 | 7 |
_a013315373 _2Uk |
|
| 020 | _a0334040469 (pbk.) | ||
| 024 | 3 | _a9780334040460 | |
| 035 | _a(OCoLC)ocm62132548 | ||
| 035 | _a(NNC)5685252 | ||
| 040 |
_aUKM _cUKM _dBWKUK |
||
| 050 | 0 | 4 |
_aBT123 _b.R64 2006 |
| 082 | 0 | 4 |
_a231.3 _222 |
| 100 | 1 |
_aRogers, Eugene F. _97703 |
|
| 245 | 1 | 0 |
_aAfter the spirit : _ba constructive pneumatology from resources outside the modern west / _cEugene F. Rogers, Jr. |
| 260 |
_aLondon : _bSCM, _c2006. |
||
| 300 |
_axi, 251 p., [8] p. of plates : _bcol. ill. ; _c24 cm. |
||
| 490 | 1 | _aRadical traditions | |
| 500 | _a"First published in the United States in 2005 by Wm. B. Eerdmans Publishing Co., Michigan"--T.p. verso. | ||
| 504 | _aIncludes bibliographical references (p. 223-243) and indexes. | ||
| 650 | 0 |
_aHoly Spirit _xProcession. _97704 |
|
| 650 | 0 |
_aHoly Spirit _xBiblical teaching. _97705 |
|
| 830 | 0 |
_aRadical traditions. _97706 |
|
| 942 |
_2lcc _cMONOGRAPH |
||
| 948 | 1 |
_a20060810 _bc _cdc21 _dMPS |
|
| 999 |
_c119879 _d119879 |
||